| 000 -LEADER |
| fixed length control field |
01722cas a22004571 4500 |
| 001 - CONTROL NUMBER |
| control field |
11160485 |
| 003 - CONTROL NUMBER IDENTIFIER |
| control field |
NUST |
| 005 - DATE AND TIME OF LATEST TRANSACTION |
| control field |
20190327105747.0 |
| 008 - FIXED-LENGTH DATA ELEMENTS--GENERAL INFORMATION |
| fixed length control field |
741224d19631969iluqr p 0 a0eng |
| 010 ## - LIBRARY OF CONGRESS CONTROL NUMBER |
| LC control number |
68000012 |
| 022 0# - INTERNATIONAL STANDARD SERIAL NUMBER |
| International Standard Serial Number |
0885-2456 |
| Source |
1 |
| 032 ## - POSTAL REGISTRATION NUMBER |
| Postal registration number |
707480 |
| Source agency assigning number |
USPS |
| 035 ## - SYSTEM CONTROL NUMBER |
| System control number |
(OCoLC)ocm01783291 |
| 038 ## - RECORD CONTENT LICENSOR |
| Staff Name |
Kiani |
| 040 ## - CATALOGING SOURCE |
| Original cataloging agency |
DLC |
| Language of cataloging |
eng |
| Transcribing agency |
DLC |
| Modifying agency |
OCL |
| -- |
NSD |
| -- |
OCL |
| -- |
AIP |
| -- |
NSD |
| -- |
HUL |
| -- |
NSD |
| -- |
OCL |
| -- |
DLC |
| -- |
NST |
| -- |
IUL |
| -- |
NST |
| -- |
WAU |
| -- |
OCLCQ |
| -- |
DLC |
| -- |
OCLCO |
| -- |
OCLCF |
| -- |
OCLCO |
| -- |
COO |
| -- |
GILDS |
| -- |
OCLCQ |
| 042 ## - AUTHENTICATION CODE |
| Authentication code |
pcc |
| -- |
nsdp |
| 050 00 - LIBRARY OF CONGRESS CALL NUMBER |
| Classification number |
HF5718 |
| Item number |
.J6 |
| 082 ## - DEWEY DECIMAL CLASSIFICATION NUMBER |
| Classification number |
650 |
| 210 0# - ABBREVIATED TITLE |
| Abbreviated title |
J. bus. commun. |
| Qualifying information |
(1963) |
| 222 #4 - KEY TITLE |
| Key title |
The Journal of business communication |
| Qualifying information |
(1963) |
| 245 04 - TITLE STATEMENT |
| Title |
The Journal of business communication. |
| 260 ## - PUBLICATION, DISTRIBUTION, ETC. |
| Place of publication, distribution, etc. |
[Urbana, Ill.] |
| Name of publisher, distributor, etc. |
American Business Writing Association. |
| 300 ## - PHYSICAL DESCRIPTION |
| Extent |
6 volumes |
| Dimensions |
23 cm |
| 310 ## - CURRENT PUBLICATION FREQUENCY |
| Current publication frequency |
Quarterly |
| 336 ## - CONTENT TYPE |
| Content type term |
text |
| Content type code |
txt |
| Source |
rdacontent |
| 337 ## - MEDIA TYPE |
| Media type term |
unmediated |
| Media type code |
n |
| Source |
rdamedia |
| 338 ## - CARRIER TYPE |
| Carrier type term |
volume |
| Carrier type code |
nc |
| Source |
rdacarrier |
| 362 0# - DATES OF PUBLICATION AND/OR SEQUENTIAL DESIGNATION |
| Dates of publication and/or sequential designation |
v. 1-6; Oct. 1963-summer 1969. |
| 530 ## - ADDITIONAL PHYSICAL FORM AVAILABLE NOTE |
| Additional physical form available note |
Also issued on microfilm from University Microfilms. |
| 590 ## - LOCAL NOTE (RLIN) |
| Local note |
SERBIB/SERLOC merged record |
| 650 #0 - SUBJECT ADDED ENTRY--TOPICAL TERM |
| Topical term or geographic name entry element |
Communication in management |
| Form subdivision |
Periodicals. |
| 9 (RLIN) |
13993 |
| 650 #7 - SUBJECT ADDED ENTRY--TOPICAL TERM |
| Topical term or geographic name entry element |
Communication in management. |
| Source of heading or term |
fast |
| Authority record control number or standard number |
(OCoLC)fst00870174 |
| 9 (RLIN) |
11531 |
| 655 #7 - INDEX TERM--GENRE/FORM |
| Genre/form data or focus term |
Periodicals. |
| Source of term |
fast |
| Authority record control number |
(OCoLC)fst01411641 |
| 9 (RLIN) |
14003 |
| 655 #7 - INDEX TERM--GENRE/FORM |
| Genre/form data or focus term |
Periodicals. |
| Source of term |
lcgft |
| 9 (RLIN) |
14003 |
| 710 2# - ADDED ENTRY--CORPORATE NAME |
| Corporate name or jurisdiction name as entry element |
American Business Writing Association. |
| 9 (RLIN) |
14004 |
| 776 1# - ADDITIONAL PHYSICAL FORM ENTRY |
| Qualifying information |
Microfiche |
| Record control number |
(DLC)sn 90040412 |
| -- |
(OCoLC)7508494 |
| 785 00 - SUCCEEDING ENTRY |
| Title |
ABCA journal of business communication |
| International Standard Serial Number |
0886-7216 |
| Record control number |
(DLC) 87656554 |
| -- |
(OCoLC)5589921 |
| 906 ## - LOCAL DATA ELEMENT F, LDF (RLIN) |
| a |
7 |
| b |
cbc |
| c |
serials |
| d |
u |
| e |
ncip |
| f |
19 |
| g |
n-oclcserc |
| 942 ## - ADDED ENTRY ELEMENTS (KOHA) |
| Source of classification or shelving scheme |
|
| Koha item type |
Continuing Resources |
| Serial record |
1 |